Statistics for All Montreal Canadiens` Goalies

Click here to take the quiz!

General Stats

  • This quiz has been taken 644 times
  • The average score is 17 of 74

Answer Stats

Goalie% Correct
Carey Price
98%
Patrick Roy
92%
Ken Dryden
81%
Jacques Plante
80%
Jose Theodore
79%
Jaroslav Halak
71%
Cristobal Huet
57%
Peter Budaj
52%
Georges Vezina
50%
Jocelyn Thibault
45%
Dustin Tokarski
43%
George Hainsworth
40%
Jeff Hackett
39%
Rogatien Vachon
38%
Andy Moog
35%
Gump Worsley
34%
Alex Auld
32%
David Aebischer
32%
Michel Larocque
32%
Bill Durnan
30%
Andre Racicot
30%
Steve Penney
30%
Tony Esposito
29%
Brian Hayward
28%
Marc Denis
27%
Stephane Fiset
26%
Mathieu Garon
26%
Richard Sevigny
25%
Ron Tugnutt
19%
Pat Jablonski
19%
Denis Herron
17%
Yann Danis
16%
Rick Wamsley
16%
Charlie Hodge
15%
Jean-Claude Bergeron
14%
Lorne Chabot
14%
Frederic Chabot
14%
Roland Melanson
14%
Wayne Thomas
12%
Gerry McNeil
11%
Patrick Labrecque
10%
Wilf Cude
10%
Phil Myre
9%
Roy Worters
9%
Claude Bourque
8%
Andre Binette
8%
Claude Pronovost
8%
Les Kuntar
8%
Joseph Cattarinich
8%
Bert Gardiner
7%
Paul Bibeault
7%
Paul Gauthier
7%
Herb Rheaume
7%
Randy Exelby
7%
Doug Soetaert
7%
Alphonse Lacroix
7%
Hal Murphy
7%
Martin Brochu
6%
Jean-Guy Morissette
6%
John Aiken
6%
Mickey Murray
6%
Len Broderick
6%
Claude Cyr
6%
Cesare Maniago
6%
Michael Leighton
6%
Claude Evans
6%
Mike Karakas
6%
Mark Holden
6%
Bob Perreault
6%
Garry Bauman
5%
Vincent Riendaut
5%
Abby Cox
5%
Ernie Wakely
5%
Denis DeJordy
5%

Score Distribution

Percentile by Number Answered

Percent of People with Each Score

Your Score History

You have not taken this quiz